[Event "London Classic op 6th"]
[Site "London"]
[Date "2014.12.10"]
[Round "3"]
[White "Peck, Silas"]
[Black "Inglese, Guido"]
[Result "1-0"]
[WhiteElo "1862"]
[BlackElo "1619"]
[PlyCount "49"]
[EventDate "2014.12.08"]
[EventType "swiss"]
[EventRounds "9"]
[EventCountry "ENG"]
[SourceTitle "CBM 163 Extra"]
[Source "ChessBase"]
[SourceDate "2014.12.23"]
[SourceVersion "1"]
[SourceVersionDate "2014.12.23"]
[SourceQuality "1"]

1. e4 b6 2. d4 Bb7 3. Bd3 Nf6 4. Qe2 Nc6 5. c3 e5 6. Nf3 exd4 7. e5 Nd5 8. cxd4 Bb4+ 9. Bd2 Nf4 10. Qf1 Bxd2+ 11. Nbxd2 Qe7 12. Be4 d5 13. exd6 cxd6 14. 0-0-0 d5 15. Bxd5 Nxd5 16. Re1 Ne3 17. Rxe3 Qxe3 18. fxe3 Nb4 19. Qb5+ Nc6 20. d5 a6 21. Qxb6 0-0 22. dxc6 Bxc6 23. Kb1 Rfc8 24. Rc1 Rab8 25. Rxc6 1-0

[Event "Vienna Husek op-B"]
[Site "Vienna"]
[Date "2012.08.15"]
[Round "3"]
[White "Inglese, Guido"]
[Black "Steiner, Magdalena"]
[Result "1/2-1/2"]
[WhiteElo "1666"]
[BlackElo "1557"]
[PlyCount "60"]
[EventDate "2012.08.13"]
[EventType "swiss"]
[EventRounds "7"]
[EventCountry "AUT"]
[SourceTitle "EXT 2014"]
[Source "ChessBase"]
[SourceDate "2013.11.20"]
[SourceVersion "1"]
[SourceVersionDate "2013.11.20"]
[SourceQuality "1"]

1. d4 Nf6 2. Nf3 g6 3. Bf4 Bg7 4. e3 d6 5. Nc3 Nbd7 6. Be2 0-0 7. 0-0 c5 8. dxc5 Nxc5 9. Nd2 Be6 10. Bf3 Qb6 11. Rb1 Rac8 12. e4 Ncd7 13. Be3 Qa5 14. Nb3 Bxb3 15. axb3 a6 16. Ra1 Qd8 17. e5 Nxe5 18. Bxb7 Rb8 19. Bxa6 Rb4 20. Be2 Qb8 21. Bg5 e6 22. f4 Ned7 23. Bf3 d5 24. Ra4 Nc5 25. Ra5 Qb6 26. Ra3 Nxb3+ 27. Kh1 Nd4 28. Na4 Qc6 29. c3 Nxf3 30. Rxf3 Rb7 1/2-1/2